Saut D’Île En Île - Statistiques

Statistiques générales
  • Ce quiz a été pris 44 fois
  • Le résultat moyen est 22 sur 47
Réponses sur la Carte
Les réponses sont colorées sur une échelle allant du rouge au vert en fonction du pourcentage des utilisateurs qui les ont devinées à leur premier essai. Vous pouvez retrouver ces pourcentages ci-dessous.
 
Statistiques - réponses
Indice Réponse % Correct
Pays de départ Islande
100%
0 km Irlande
97%
784 km Royaume-Uni
97%
2621 km Malte
85%
1728 km Chypre
82%
0 km (frontière la plus longue) Papouasie-Nouvelle-Guinée
51%
1500 km Indonésie
49%
725 km Sri Lanka
49%
1921 km Bahreïn
46%
85 km Cuba
46%
750 km Fidji
46%
0 km Haïti
46%
3150 km Maldives
46%
600 km République dominicaine
46%
55 km Bahamas
44%
3660 km Cap-Vert
44%
350 km Comores
44%
2.5 km Îles Salomon
44%
440 km Jamaïque
44%
900 km Madagascar
44%
300 km Nauru
44%
840 km Philippines
44%
900 km Samoa
44%
4200 km São Tomé-et-Principe
44%
360 km Tonga
44%
1050 km Tuvalu
44%
150 km Vanuatu
44%
580 km États fédérés de Micronésie
41%
600 km Îles Marshall
41%
115 km Japon
41%
340 km Kiribati
41%
9850 km Maurice
41%
5550 km Nouvelle-Zélande
41%
400 km Palaos
41%
250 km Seychelles
41%
100 km Taïwan
41%
2530 km Timor oriental
41%
130 km Trinité-et-Tobago
41%
150 km Antigua-et-Barbuda
38%
3680 km Barbade
38%
2300 km Brunei
38%
10 km Grenade
38%
150 km Sainte-Lucie
38%
40 km Saint-Vincent-et-les-Grenadines
38%
1170 km Singapour
38%
440 km Dominique
33%
70 km Saint-Christophe-et-Niévès
33%
Aucun quiz correspondant
Distribution des résultats
% des personnes avec chaque résultat
Percentile par nombre de réponses
Votre historique - résultats
Vous n’avez pas pris ce quiz